00741nam a22002177a 450000500170000001000150001702000260003202000230005803500130008103500170009403700130011103700240012408200080014810000240015624501710018026000380035127000430038930000310043249000430046370000170050620130717114322.0 aENG-105193 a9781259003653c295.00 a1259003655c295.00 aEN-88726 aB-492258-270 bDBAD/PUB bBlue Berry/Venadpl a000 aUpadhyay, Meenakshi aComprehension interpersonal & communication skills for general studies :cby Meenakshi Upadhyay [and] Arun SharmabCivil Services Preliminary Examination paper II / aNew DelhibTata McGraw Hillc2012 a7, West Patel NagarbNew Delhie110008 avarious pagingsc27cm(pbk) aTata McGraw-Hill's winning edge series aSharma, Arun